00407 2200157 4500001002100000008004100021035002000062245004800082100001800130250000600148260004700154084001400201082000800215650001400223990001200237INLIS000000000001516 ind  a0010-0125000014 aKamus Bahasa Jerman-IndonesiacAdolf Heuken aHeuken, Adolf a1 aJakarta :bYayasan Cipta Loka Carakac2009 a433 ADO k a433 aReferensi a0714939